| 000 | 00799nam a2200229Ia 4500 | ||
|---|---|---|---|
| 008 | 191130s1997##################000#0#eng## | ||
| 020 | _a9780521571685 | ||
| 022 | _a96038999 | ||
| 040 |
_aACL _cACL |
||
| 082 | _a720.92 JAM | ||
| 100 | _aJames, Kathleen | ||
| 245 |
_aErich Mendelsohn and the architecture of German modernism _cKathleen James |
||
| 260 |
_aCambridge _bCambridge University Press _c1997 |
||
| 300 | _axvii, 328 p. : ill. ; 26 cm | ||
| 500 | _aIncludes bibliographical references (p. 311-319) and index | ||
| 650 | _aExpressionism (Architecture) - Germany | ||
| 650 | _aFunctionalism (Architecture) - Germany | ||
| 650 | _aMendelsohn, Erich, 1887-1953 - Criticism and interpretation | ||
| 990 | _a6dbe9b28ac10000c1f33ea16ce560688 | ||
| 991 | _a310852 | ||
| 999 |
_c176043 _d176043 |
||